Un folletinista olvidado: julio llanos /

Guardado en:
Autor Principal: Frugoni De Fritzsche, Teresita
Formato: Libro
Publicado: Buenos Aires : Univ., Fac. De Filosofia Y Letras, Inst. De Liter. Argentina, 1972
Series:Origenes De La Novela Argentin
Materias:
Etiquetas: Agregar Etiqueta
Sin Etiquetas, Sea el primero en etiquetar este registro!
LEADER 00596nam a22001695a 4500
001 EHU.bham013162
003 AR-BHAM
005 20070321165052.0
008 130507s1972##################000#0#####d
082 9 2 |a 928 
100 1 |a Frugoni De Fritzsche, Teresita 
245 1 0 |a Un folletinista olvidado: julio llanos /  |c Teresita Frugoni De Fritzsche 
260 |a Buenos Aires :  |b Univ., Fac. De Filosofia Y Letras, Inst. De Liter. Argentina,  |c 1972 
300 |a 24p. 
490 0 |a Origenes De La Novela Argentin 
653 |a Biografias de escritores 
859 |a AR-BHAM  |b BIB. HUMANIDADES - General  |h 928  |i L77f  |p 371.81  |t Ej.1